00625nab a2200193 uc450000100070000000500170000700800410002403500110006503500210007604000130009704100080011010000300011824500310014865000380017965000330021765000330025065000160028377301320029967020820240201163424.0010612e20010501 spa  a670208 a(OCoLC)819909515 ccomduadb aspa10aBaltazar, Henry4auteaut10aCuando las luces parpadean aComercio electrónico - Colombia 7aComercio electrónico2lemb aTransacciones electrónicas aOutsourcing0 tIT Manager : Gerencia Estratégica de Tecnología (Bogotá)gVol. 02, No. 25, May. 2001, p. 62-64w579670x0124-05950144384